Chemical thermodynamics: principles and applications
Saved in:
| Hovedforfatter: | |
|---|---|
| Format: | Bog |
| Sprog: | engelsk |
| Udgivet: |
Nueva York
Macmillan
1969
|
| Fag: | |
| Tags: |
Tilføj Tag
Ingen Tags, Vær først til at tagge denne postø!
|
MARC
| LEADER | 00000nam a2200000 a 4500 | ||
|---|---|---|---|
| 001 | UCU3758 | ||
| 003 | CL-VaPUC | ||
| 008 | 960510e19690000US |||||||||||||||||eng|d | ||
| 082 | 0 | 4 | |a 541.369 |b ROC |2 21 |
| 100 | 0 | |a Rock, Peter A |e author |9 360878 | |
| 245 | 1 | 0 | |a Chemical thermodynamics: principles and applications |
| 300 | |a 508 p | ||
| 942 | |c BK | ||
| 945 | |d 19960510 00:00:00 |a paguirre | ||
| 260 | |a Nueva York |b Macmillan |c 1969 | ||
| 650 | 0 | |a Termodinámica |9 259320 | |
| 650 | 0 | |a Termoquímica |9 337401 | |
| 650 | 7 | |a TEMPERATURA |2 CL-VaPUC |9 360879 | |
| 650 | 7 | |a ENERGIA TERMOQUIMICA |2 CL-VaPUC |9 360479 | |
| 650 | 0 | |a Calor específico |9 259409 | |
| 650 | 0 | |a Transmisión de calor |9 259410 | |
| 650 | 0 | |a Entropía |9 262675 | |
| 650 | 7 | |a PROPIEDADES TERMOQUIMICAS |2 CL-VaPUC |9 360478 | |
| 583 | |a last modification |c 19960510 00:00:00 |k Rodrigo Vera | ||
| 999 | |c 247657 |d 247655 | ||
| 952 | |0 0 |1 0 |4 0 |6 541_369000000000000_ROC_1969 |7 0 |8 A |9 263723 |a BIBING |b BIBING |d 2019-11-19 |i 1658468 |o 541.369 ROC 1969 |p 1658468 |r 2025-01-20 |w 2019-11-19 |y BK |k EIQ | ||